Spanish Infinitives - D - Statistics

General Stats
  • This quiz has been taken 5 times
  • The average score is 13 of 15
Answer Stats
Hint Answer % Correct
Decidir to decide
100%
Destruir to destroy
100%
Discutir to discuss/argue
100%
Dibujar to draw
100%
Disfrutar to enjoy
100%
Dar to give
100%
Decir to say
100%
Duchar(se) to shower
100%
Dormir to sleep
100%
Doler to hurt
80%
Deber to must/should
80%
Despertar(se) to wake
80%
Desear to wish
80%
Descansar to rest
60%
Dejar to leave
40%
No matching quizzes found
Score Distribution
Percent of People with Each Score
Percentile by Number Answered
Your Score History
You have not taken this quiz